| 000 | 00490nam a2200169 4500 | ||
|---|---|---|---|
| 005 | 20260116163604.0 | ||
| 008 | 260116b |||||||| |||| 00| 0 eng d | ||
| 020 | _a978-8-89854-013-5 | ||
| 041 | _aEnglish | ||
| 082 |
_aX 823 SIN _bB12173 |
||
| 100 |
_aSingh Shubham Kumar _9216350 |
||
| 245 |
_aThe Art of Detachment _bFinding Strength in Presence Calmness and Detachment |
||
| 260 |
_aChennai, _bNotion Press _c2025 |
||
| 300 |
_a186p. _bpb |
||
| 365 |
_aRupaye _b269 _cINR |
||
| 942 | _cBK | ||
| 999 |
_c369897 _d369897 |
||